000 00560cam a2200193ua 4500
001 11506
008 190925n ii |||gr||||Z||||||eng
020 _a9780198092049
040 _cMAIN
082 _a301.0954
100 _aYogendra Singh . ,
_eEditor.
245 _aIndian Sociology :
_bIdentity, communication and culture /
_cEdited by Yogendra Singh .
250 _a1st ed. /
_bVol. 3.
260 _aNew Delhi:
_bOxford University Press,
_c2014.
300 _a403p.
653 _aSociology & anthropology
653 _aIndian Sociology
942 _cBK
999 _c10333
_d10333